| 000 | 01012nam a2200265 a 4500 | ||
|---|---|---|---|
| 001 | 78769 | ||
| 003 | BD-RjUL | ||
| 005 | 20211209083154.0 | ||
| 008 | 211114s2020 bg ||||| |||| 00| 0 ben d | ||
| 020 |
_a9789848044896 _c: Tk. 350.00 |
||
| 035 | _a(BD-RjUL)78996 | ||
| 040 |
_aBD-RjUL _beng _cBD-RjUL |
||
| 041 | _aben | ||
| 082 |
_223 _a891.441 _bMUJ 2020 |
||
| 245 | 0 | 0 |
_aমুজিবগাথা / _cআরিফ নজরুল সম্পাদিত |
| 246 | _aবঙ্গবন্ধুকে নিবেদিত পঙক্তিমালা মুজিবগাথা | ||
| 260 |
_aঢাকা : _bবিশ্বসাহিত্য ভবন, _c২০২০ |
||
| 300 |
_a১৯১ পৃ.; _c২২ সেমি. |
||
| 650 |
_aবাংলা কবিতা _9249928 |
||
| 650 |
_aBengali poetry _9249929 |
||
| 650 |
_aরাজনৈতিক কবিতা _9249930 |
||
| 650 |
_aPolitical poetry _9249931 |
||
| 700 |
_aনজরুল, আরিফ _9249933 |
||
| 942 |
_2ddc _cBK |
||
| 999 |
_c78769 _d78769 |
||